000 00791nam0a22002771 4500
001 RU\NLR\INFOCOMM10\ROSSICA\1000016742
005 20250613185019.0
035 _a(NLR Aleph) 009879070
090 _a10462449
_c10462449
100 _a20030818d1924 |||y0rusy50 ca
101 0 _apol
102 _aRU
105 _ay ||||000ay
200 1 _aJak jest zbudowana RKP.(bolszewików)
_fKaganowicz, L.M.
210 _aMoskwa
_d1924
215 _d
700 1 _4070
_7ba
_8rus
_aKaganovič
_bL. M.
_f1893-1991
_gLazar' Moiseevič
_9248421
_3RU\NLR\AUTH\770248477
790 1 _9z01700
_aKaganowicz
_bL.M.
_4070
801 1 _aRU
_bInfoComm
_c20030818
801 0 _aRU
_bNLR
_gPSBO
852 _aNLR
_j26.21.4.190
942 _cBOOK
980 _aNB
980 _aRossica